000
00267nam a22000977a 4500
008
231204b |||||||| |||| 00| 0 eng d
020
_a
9789355559685
100
_a
MTG
_9
7733
245
_a
MTG CBSE 15 Sample Papers-Social Science-Class-10
260
_a
New Delhi
_b
MTG
_c
2024
999
_c
12482
_d
12482